000 00458nam a22001577a 4500
003 OSt
005 20150909160314.0
008 150909b xxu||||| |||| 00| 0 eng d
040 _cRUA
082 _aAGR គឹម 1993 BOO8 Or.1
100 _9193
_aគឹម​ ស្មឿន
_dគឹម​ ស្មឿន
245 _aការដាំដំណាំកប្បាស
260 _aphnomphen
_bRUA
_c1993
300 _a74P.
_bILL.
_c29CM.
942 _2ddc
_cAGR
999 _c173
_d173